Historia y elementos de la sociología del conocimiento; contenido y contexto de las ideas sociales /

Guardado en:
Autor Principal: Horowitz, Irving Louis
Formato: Libro
Publicado: Argentina : Eudeba, 1964
Materias:
Etiquetas: Agregar Etiqueta
Sin Etiquetas, Sea el primero en etiquetar este registro!
LEADER 00942nam a22002055a 4500
001 CEM.cems003302
005 19000101000000.0
008 130507s1964##################000#0#####d
003 CEMS
082 0 4 |a 301 
100 1 |a Horowitz, Irving Louis 
245 1 0 |a Historia y elementos de la sociología del conocimiento; contenido y contexto de las ideas sociales /  |c Irving Louis Horowitz 
260 |a Argentina :  |b Eudeba,  |c 1964 
300 |a 339 p. 
505 0 |a El conflicto en las filosofias de la vida; Problemas de la juventud en la sociedad moderna; Educacion, sociologia y el problema de la conciencia social; Educacion de masas y analisis de grupo; Estrategia nazi con los grupos; El cristianismo y la edad de la planificacion; Los valores cristianos en un medio en transformacion 
653 |a Cultura 
653 |a Ideologia 
653 |a Sociologia 
653 |a Utopias sociales 
859 |a CEMS  |b BIB. CEMS - 11 de abril  |h 301  |i H785/2  |p 595.73  |t Ej.1